Manchester United classement Buteur - Statistiques

Statistiques générales
  • Ce quiz a été pris 757 fois
  • Le résultat moyen est 6 sur 25
Statistiques - réponses
Nb Buts Joueur Top % Correct
142 Cristiano Ronaldo 7
92%
253 Wayne Rooney 1
67%
81 Eric Cantona 15
45%
164 Ryan Giggs 3
43%
93 Marcus Rashford 13
41%
152 Paul Scholes 4
35%
85 David Beckham 14
31%
58 Robin Van Persie 20
30%
150 Ruud Van Nistelrooy 5
28%
79 Anthony Martial 16
27%
50 Bruno Fernandes 24
22%
137 George Best 8
22%
56 Dimitar Berbatov 21
15%
121 Andy Cole 10
14%
145 Sir Bobby Charlton 6
12%
183 Dennis Law 2
11%
126 Ole Gunnar Solskjaer 9
11%
51 Roy Keane 23
11%
66 Dwight Yorke 17
10%
59 Chicharito 19
9%
51 juan Mata 22
8%
104 Mark Hughes 12
2%
61 Brian McClair 18
1%
113 David Herd 11
1%
50 Brian Kidd 25
0%
Aucun quiz correspondant
Distribution des résultats
% des personnes avec chaque résultat
Percentile par nombre de réponses
Votre historique - résultats
Vous n’avez pas pris ce quiz